<?xml version="1.0" encoding="UTF-8"?>
<record
    xmlns:xsi="http://www.w3.org/2001/XMLSchema-instance"
    xsi:schemaLocation="http://www.loc.gov/MARC21/slim http://www.loc.gov/standards/marcxml/schema/MARC21slim.xsd"
    xmlns="http://www.loc.gov/MARC21/slim">

  <leader>00856nam a22001937a 4500</leader>
  <controlfield tag="005">20120912164212.0</controlfield>
  <datafield tag="010" ind1=" " ind2=" ">
    <subfield code="a">B-483261</subfield>
  </datafield>
  <datafield tag="020" ind1=" " ind2=" ">
    <subfield code="c">15.00</subfield>
  </datafield>
  <datafield tag="035" ind1=" " ind2=" ">
    <subfield code="a">B-483261</subfield>
  </datafield>
  <datafield tag="037" ind1=" " ind2=" ">
    <subfield code="b">BPPD</subfield>
  </datafield>
  <datafield tag="100" ind1=" " ind2=" ">
    <subfield code="a">&#x633;&#x64A;&#x62F; &#x627;&#x628;&#x648; &#x627;&#x644;&#x627; &#x639;&#x644;&#x6CC; &#x645;&#x648; &#x62F; &#x648; &#x648;&#x6CC;</subfield>
    <subfield code="9">52832</subfield>
  </datafield>
  <datafield tag="245" ind1=" " ind2=" ">
    <subfield code="a">&#x64A;&#x6C1;&#x648; &#x62F; &#x64A;&#x62B;&#x631; &#x628; &#x627;&#x648;&#x631; &#x645;&#x64A;&#x62B;&#x627; &#x642; &#x645;&#x62F; &#x64A;&#x646;&#x6C1;</subfield>
    <subfield code="c"> &#x633;&#x64A;&#x62F; &#x627; &#x628;&#x648; &#x627;&#x644;&#x627;&#x639;&#x644;&#x6CC; &#x645;&#x648; &#x62F; &#x648; &#x62F;&#x6CC;</subfield>
  </datafield>
  <datafield tag="246" ind1=" " ind2=" ">
    <subfield code="a">Yahoode Yasrib aur Meesaque Madina</subfield>
    <subfield code="b">By  Syed Abul Aala Maudoodi</subfield>
  </datafield>
  <datafield tag="260" ind1=" " ind2=" ">
    <subfield code="a">1781-&#x62D;&#x648; &#x636; &#x633;&#x648; &#x64A;&#x648; &#x627; &#x644;&#x627; &#x6BA; &#x646;&#x626; &#x62F;&#x6BE;&#x644;&#x6CC;-2</subfield>
    <subfield code="b">&#x627; &#x633;&#x644;&#x627; &#x645;&#x6A9; &#x628;&#x6A9; &#x641;&#x627; &#x624; &#x646;&#x688; &#x64A;&#x634;&#x646;</subfield>
    <subfield code="c">2011</subfield>
  </datafield>
  <datafield tag="300" ind1=" " ind2=" ">
    <subfield code="a">20 &#x635;</subfield>
    <subfield code="c">22 Cm.(P.b)     </subfield>
  </datafield>
  <datafield tag="500" ind1=" " ind2=" ">
    <subfield code="a">&#x62F;&#x648; &#x62D;&#x635;&#x6C1;</subfield>
  </datafield>
  <datafield tag="942" ind1=" " ind2=" ">
    <subfield code="2">ddc</subfield>
    <subfield code="c">UR</subfield>
    <subfield code="h">270.9</subfield>
    <subfield code="m">&#x633; &#x6CC; &#x62F;</subfield>
  </datafield>
  <datafield tag="999" ind1=" " ind2=" ">
    <subfield code="c">70501</subfield>
    <subfield code="d">70501</subfield>
  </datafield>
  <datafield tag="952" ind1=" " ind2=" ">
    <subfield code="0">0</subfield>
    <subfield code="1">0</subfield>
    <subfield code="4">0</subfield>
    <subfield code="7">0</subfield>
    <subfield code="8">NFIC</subfield>
    <subfield code="a">L</subfield>
    <subfield code="b">L</subfield>
    <subfield code="d">2012-10-04</subfield>
    <subfield code="e">K.K Pub.//7/42/22/20.03.12/25/17.04.12</subfield>
    <subfield code="g">15.00</subfield>
    <subfield code="l">0</subfield>
    <subfield code="o">270.9 &#x633; &#x6CC; &#x62F;</subfield>
    <subfield code="p">B-483261</subfield>
    <subfield code="r">2012-10-04 00:00:00</subfield>
    <subfield code="t">1</subfield>
    <subfield code="v">15.00</subfield>
    <subfield code="w">2012-10-04</subfield>
    <subfield code="y">CH</subfield>
  </datafield>
</record>
